Effectif Algérie - Coupe du monde 2026 - Statistiques

Statistiques générales
  • Ce quiz a été pris 40 fois
    23 depuis la dernière actualisation
  • Le résultat moyen est 19 sur 27
Statistiques - réponses
Poste Club Numéro Joueur % Correct
Défenseur LOSC Lille 2 Aïssa Mandi
100%
Attaquant Al-Ahli SFC 7 Riyad Mahrez
100%
Milieu Bayer 04 Leverkusen 22 Ibrahim Maza
94%
Gardien FC Granada 23 Luca Zidane
94%
Attaquant VfL Wolfsburg 18 Mohamed Amine Amoura
94%
Défenseur Borussia Dortmund 21 Ramy Bensebaïni
94%
Défenseur Manchester City 15 Rayan Aït-Nouri
94%
Attaquant Olympique de Marseille 9 Amine Gouiri
88%
Attaquant Feyenoord Rotterdam 11 Anis Hadj Moussa
88%
Milieu OGC Nice 14 Hicham Boudaoui
88%
Milieu LOSC Lille 19 Nabil Bentaleb
88%
Attaquant Al-Duhail SC 20 Adil Boulbina
82%
Milieu Eintracht Francfort 10 Farès Chaïbi
76%
Milieu Al-Ittihad Club 8 Houssem Aouar
76%
Milieu FC Twente 6 Ramiz Zerrouki
76%
Défenseur Hellas Verona 17 Rafik Belghali
71%
Défenseur Paris FC 26 Samir Chergui
71%
Défenseur BSC Young Boys 13 Jaouen Hadjam
65%
Défenseur Espérance sportive de Tunis 4 Mohamed Amine Tougaï
59%
Gardien USM Alger 26 Oussama Benbot
53%
Gardien FC Stade Nyonnais 1 Melvin Mastil
47%
Sélectionneur - - Vladimir Petkovic
47%
Défenseur USM Alger 3 Achref Abada
41%
Défenseur JS Kabylie 5 Zineddine Belaïd
41%
Milieu RSC Charleroi 24 Yacine Titraoui
24%
Attaquant Frosinone Calcio 25 Farès Ghedjemis
18%
Attaquant ETO FC 12 Nadhir Benbouali
18%
Aucun quiz correspondant
Distribution des résultats
% des personnes avec chaque résultat
Percentile par nombre de réponses
Votre historique - résultats
Vous n’avez pas pris ce quiz depuis la dernière actualisation